| 000 | 00598nam a2200181 i 4500 | ||
|---|---|---|---|
| 001 | 47301 | ||
| 003 | ES-MaACL | ||
| 005 | 20230906161534.0 | ||
| 007 | t| | ||
| 008 | 030407s1947 sp ||||1| spa d | ||
| 100 | 1 |
_aCope, Zacarías. _940403 |
|
| 245 | 1 | 0 |
_aDiagnóstico precoz del abdomen agudo / _cpor Zacarías Cope ; traducción de la 11ª edición inglesa por Ciril Rognan. |
| 250 | _a4ª ed. ilustrada. | ||
| 260 |
_aBarcelona, etc. : _bManuel Marín, _c[1947] ( _fCondal) |
||
| 300 |
_a223 p. : _bil. ; _c20 cm. |
||
| 700 | 1 |
_aRognan, Ciril. _998960 |
|
| 852 |
_aES-MaACL _jC-15777 _bR.43862 |
||
| 999 |
_c47301 _d47301 |
||